[Event "Women's Speed Chess Q6"]
[Site "chess.com INT"]
[Date "2021.06.05"]
[Round "12"]
[White "Vu, Bui Thi Thanh Van"]
[Black "Petrova, Irina"]
[Result "0-1"]
[WhiteTitle "WFM"]
[BlackTitle "WIM"]
[WhiteElo "1750"]
[BlackElo "2110"]
[WhiteFideId "12408921"]
[BlackFideId "14124122"]
[EventDate "2021.06.05"]

1. d4 d6 2. Nf3 g6 3. Nbd2 Bg7 4. e4 Nc6 5. c3 e5 6. Bb5 exd4 7. cxd4 Bd7 8. Nb3
Nge7 9. O-O O-O 10. Bg5 h6 11. Be3 a6 12. Bc4 b5 13. Bd3 f5 14. Qd2 Kh7 15. Rac1
Rc8 16. d5 Ne5 17. Nxe5 dxe5 18. f3 f4 19. Bf2 g5 20. Be2 Ng6 21. Rfd1 h5 22.
Nc5 g4 23. Nxd7 Qxd7 24. Qc3 g3 25. hxg3 fxg3 26. Bxg3 h4 27. Bf2 h3 28. Qc6 Qe7
29. g3 Qg5 30. Kh2 Nh4 31. Qe6 Nxf3+ 32. Bxf3 Rxf3 33. Qxh3+ Bh6 34. Rc2 Rcf8
35. Bg1 Kg7 36. Rxc7+ R8f7 37. Rxf7+ Rxf7 38. Re1 Qd2+ 39. Kh1 Qxe1 40. Qg4+ Kh7
41. Qe6 Qxe4+ 42. Kh2 Qc2+ 43. Kh1 Qc7 44. Kh2 Qd7 45. Qxa6 Qxd5 46. Qa3 Qd2+
47. Kh1 Qd5+ 0-1

[Event "Women's Speed Chess Q6"]
[Site "chess.com INT"]
[Date "2021.06.05"]
[Round "12"]
[White "Gaponenko, Inna"]
[Black "Kashlinskaya, Alina"]
[Result "0-1"]
[WhiteTitle "IM"]
[BlackTitle "IM"]
[WhiteElo "2357"]
[BlackElo "2494"]
[WhiteFideId "14101181"]
[BlackFideId "4198026"]
[EventDate "2021.06.05"]

1. e4 e5 2. Nf3 Nf6 3. Nxe5 d6 4. Nf3 Nxe4 5. d3 Nf6 6. d4 d5 7. c4 Bb4+ 8. Nc3
O-O 9. Bd3 Re8+ 10. Be3 Nbd7 11. O-O dxc4 12. Bxc4 Nb6 13. Bb3 Bg4 14. h3 Bh5
15. g4 Bg6 16. Ne5 Nfd5 17. Qf3 c6 18. Ne2 Qf6 19. Nf4 Nxf4 20. Bxf4 Nd5 21.
Bxd5 cxd5 22. Qg3 Rac8 23. Rac1 Be4 24. Rxc8 Rxc8 25. Rc1 Rxc1+ 26. Bxc1 h6 27.
Nd7 Qc6 28. Nc5 Bxc5 29. dxc5 Qxc5 30. Be3 Qc2 31. Qe5 Qd1+ 32. Kh2 Qh1+ 33. Kg3
Qf3+ 34. Kh4 g5+ 35. Bxg5 hxg5+ 36. Qxg5+ Bg6 37. Qd2 Kh7 38. a3 a6 39. Qd4 Qe4
40. Qb6 Qe7+ 41. Kg3 Be4 42. Qd4 Qd6+ 43. Kh4 Qf4 44. b4 b5 45. Qa7 Qf6+ 46. Kg3
Kg6 47. Qe3 Qa1 48. Kh4 Qf6+ 49. Kg3 Qd6+ 50. Kh4 Kh7 51. f3 Bg6 52. Qd4 Qe6 53.
f4 Qe1+ 54. Kg5 Qe7+ 55. Qf6 Qxf6+ 56. Kxf6 d4 57. f5 d3 58. fxg6+ fxg6 59. h4
d2 60. g5 d1=Q 61. h5 Qxh5 62. Ke6 Qxg5 0-1

[Event "Women's Speed Chess Q6"]
[Site "chess.com INT"]
[Date "2021.06.05"]
[Round "12"]
[White "Cori T., Deysi"]
[Black "Arabidze, Meri"]
[Result "0-1"]
[WhiteTitle "WGM"]
[BlackTitle "IM"]
[WhiteElo "2388"]
[BlackElo "2432"]
[WhiteFideId "3801934"]
[BlackFideId "13604040"]
[EventDate "2021.06.05"]

1. Nf3 Nf6 2. d4 d5 3. c4 e6 4. e3 Nbd7 5. Nbd2 a6 6. Bd3 c5 7. O-O Be7 8. b3
O-O 9. Bb2 b6 10. cxd5 exd5 11. Rc1 Bb7 12. Ne5 Nxe5 13. dxe5 Ne4 14. Bb1 f6 15.
Nxe4 dxe4 16. Qe2 fxe5 17. Bxe5 Bf6 18. Rfd1 Qe8 19. Bc7 Qc6 20. Qc4+ Kh8 21.
Bf4 Rad8 22. h3 h6 23. b4 Rxd1+ 24. Rxd1 cxb4 25. Qxb4 Rc8 26. a3 b5 27. Kh2 Qc3
28. Rd7 Qxb4 29. axb4 Bc6 30. Ra7 Bd5 31. Rxa6 Rc1 32. Rd6 Rxb1 33. Rxd5 Rxb4
34. Rd6 Kh7 35. Rb6 Kg6 36. Be5 Kf5 37. Bxf6 gxf6 38. g4+ Ke5 39. Kg3 Rb1 40. h4
b4 41. Rxb4 Rxb4 42. Kg2 Rb2 43. Kg3 f5 44. g5 hxg5 45. hxg5 Rc2 46. Kg2 f4 47.
g6 f3+ 48. Kg3 Rc6 49. g7 Rg6+ 50. Kh4 Rxg7 51. Kh5 Rg2 52. Kh4 Rxf2 0-1

[Event "Women's Speed Chess Q6"]
[Site "chess.com INT"]
[Date "2021.06.05"]
[Round "12"]
[White "Vantika, Agrawal"]
[Black "Nguyen, Hong Ngoc"]
[Result "1-0"]
[WhiteTitle "WIM"]
[BlackTitle "WCM"]
[WhiteElo "2286"]
[BlackElo "1957"]
[WhiteFideId "25050389"]
[BlackFideId "12403083"]
[EventDate "2021.06.05"]

1. b3 d5 2. Bb2 Nf6 3. Nf3 Nbd7 4. e3 g6 5. c4 c6 6. Nc3 e6 7. d4 Bg7 8. Bd3 O-O
9. O-O a6 10. a4 Re8 11. Qc2 b6 12. Rfd1 Bb7 13. e4 dxe4 14. Nxe4 Nxe4 15. Bxe4
Nf6 16. Bd3 Qc7 17. Ne5 Rad8 18. c5 bxc5 19. dxc5 Nd5 20. Ng4 Nb4 21. Nh6+ Bxh6
22. Qc3 e5 23. Qxb4 a5 24. Qc3 Bc8 25. Bc4 Bg7 26. h3 Rxd1+ 27. Rxd1 Rd8 28.
Rxd8+ Qxd8 29. Qf3 Qe8 30. Qd1 Be6 31. Bxe6 Qxe6 32. Qd8+ Bf8 33. Bc1 Kg7 34.
Bh6+ Kxh6 35. Qxf8+ Kg5 36. Qd8+ Kh6 37. Qxa5 Qxb3 38. Qd2+ Kg7 39. a5 Qa3 40.
g3 Qxc5 41. a6 Qa3 42. Qe2 Kf6 43. Qc4 c5 44. Qb5 e4 45. Qb6+ Kg7 46. Qd6 Kg8
47. Qb8+ Kg7 48. a7 e3 49. Qe5+ f6 50. Qe7+ Kh6 51. Qxe3+ 1-0

[Event "Women's Speed Chess Q6"]
[Site "chess.com INT"]
[Date "2021.06.05"]
[Round "12"]
[White "Golubenko, Valentina"]
[Black "Tania, Sachdev"]
[Result "0-1"]
[WhiteTitle "WGM"]
[BlackTitle "IM"]
[WhiteElo "2209"]
[BlackElo "2392"]
[WhiteFideId "4501993"]
[BlackFideId "5007844"]
[EventDate "2021.06.05"]

1. d4 Nf6 2. g3 e6 3. Bg2 c5 4. Nf3 Nc6 5. O-O Be7 6. c4 cxd4 7. Nxd4 O-O 8.
Nxc6 bxc6 9. Nc3 d5 10. cxd5 cxd5 11. b3 Bb7 12. Bb2 Rc8 13. Rc1 Qb6 14. Na4 Qb5
15. Bd4 Rxc1 16. Qxc1 Rc8 17. Qb2 a6 18. e3 Ne8 19. Rc1 Rxc1+ 20. Qxc1 Qc6 21.
Qb2 f6 22. f4 Nc7 23. Nc3 Bd6 24. e4 Bc5 25. Qf2 Bxd4 26. Qxd4 Nb5 27. Nxb5 axb5
28. exd5 Qc1+ 29. Kf2 Qc2+ 30. Kg1 Qxa2 31. Qe3 Qb1+ 32. Kf2 Qc2+ 33. Kg1 Qd1+
34. Kf2 Bxd5 35. Bxd5 Qxd5 36. Qc3 h6 37. Qc8+ Kh7 38. Qc2+ f5 39. Qc3 Qe4 40.
Kg1 b4 41. Qd2 Qb1+ 42. Kg2 Qxb3 43. h3 Qd5+ 44. Qxd5 exd5 45. Kf2 Kg6 46. Ke2
Kf6 47. Kd3 Ke6 48. Kc2 d4 49. Kb3 Kd5 50. Kxb4 Ke4 51. Kc4 Ke3 52. Kd5 d3 53.
Ke5 d2 54. Kxf5 d1=Q 55. Kg6 Qd3+ 56. Kxg7 Qf5 57. g4 Qxf4 58. Kg6 Qg5+ 59. Kh7
Kf4 60. h4 Qxg4 61. Kxh6 Qxh4+ 0-1

[Event "Women's Speed Chess Q6"]
[Site "chess.com INT"]
[Date "2021.06.05"]
[Round "12"]
[White "Kabanova, Ekaterina"]
[Black "Sikorova, Olga"]
[Result "0-1"]
[WhiteTitle "WFM"]
[BlackTitle "WGM"]
[WhiteElo "2138"]
[BlackElo "2215"]
[WhiteFideId "24112917"]
[BlackFideId "307033"]
[EventDate "2021.06.05"]

1. c4 Nf6 2. Nf3 g6 3. e3 Bg7 4. Be2 O-O 5. O-O b6 6. a3 Bb7 7. Qc2 c5 8. d3 e6
9. Nbd2 d5 10. b3 d4 11. exd4 cxd4 12. b4 Nc6 13. Re1 Nd7 14. Ne4 e5 15. Nd6 Qc7
16. Nxb7 Qxb7 17. Nd2 f5 18. Bf3 Qc7 19. h3 Rae8 20. Bb2 Nf6 21. c5 b5 22. a4 a6
23. axb5 axb5 24. Ra6 Ne7 25. Qb3+ Kh8 26. Rea1 e4 27. dxe4 Nxe4 28. Bxe4 fxe4
29. Nxe4 Qf4 30. Qd3 Nd5 31. f3 Nxb4 32. Qxb5 Nxa6 33. Rxa6 Rxe4 34. Ra1 Re3 35.
Qc4 Rfe8 36. Qb4 Re2 37. Kh1 Rxb2 38. Qxb2 d3 39. Qb5 Bxa1 40. Qxe8+ Kg7 41.
Qd7+ Kh6 42. Qxd3 Be5 43. Kg1 Bd4+ 44. Kh1 Bxc5 45. Qf1 Bd6 46. Kg1 Qe3+ 47. Kh1
Bg3 48. f4 Qe1 49. Qxe1 Bxe1 50. Kh2 Kg7 51. g3 Kf6 52. Kg2 Kf5 53. Kf3 Ke6 54.
g4 Kd5 55. h4 Bxh4 56. g5 Ke6 57. Kg4 Be1 58. Kf3 Kf5 59. Ke3 Ba5 60. Kf3 Bc7 0-1

[Event "Women's Speed Chess Q6"]
[Site "chess.com INT"]
[Date "2021.06.05"]
[Round "12"]
[White "Vo, Thi Kim Phung"]
[Black "Agrest, Inna"]
[Result "0-1"]
[WhiteTitle "WGM"]
[BlackTitle "WIM"]
[WhiteElo "2335"]
[BlackElo "2285"]
[WhiteFideId "12401838"]
[BlackFideId "1708830"]
[EventDate "2021.06.05"]

1. d4 Nf6 2. c4 g6 3. Nc3 Bg7 4. e4 d6 5. Be2 O-O 6. Nf3 Nbd7 7. O-O e5 8. Bg5
h6 9. Bd2 exd4 10. Nxd4 Re8 11. Qc2 Nc5 12. Bf3 c6 13. Nb3 Ne6 14. Qc1 Kh7 15.
Rd1 Qe7 16. h3 a5 17. Be3 a4 18. Nd2 Nc5 19. Qc2 Nfd7 20. Re1 Ne5 21. Bxc5 dxc5
22. Nxa4 Be6 23. Be2 Red8 24. Nc3 Qg5 25. Nf1 Bxh3 26. Ng3 Be6 27. b3 h5 28. Qc1
Qf6 29. Na4 h4 30. Nf1 Nd3 31. Bxd3 Qxa1 32. Qxa1 Bxa1 33. Rxa1 Rxd3 34. Nxc5
Rd4 35. Nxb7 Rxe4 36. a4 Re2 37. Nc5 Bf5 38. Ne3 Bc8 39. Rd1 Rb2 40. Rd8 Ra5 41.
Rxc8 Rxc5 42. Rb8 Re5 43. b4 Re4 44. a5 g5 45. a6 Ra2 46. b5 cxb5 47. cxb5 Rb4
48. Rb7 Kg6 49. Rb6+ Kg7 50. Nf5+ Kh7 51. Rb7 Kg6 52. Ne7+ Kg7 53. Nf5+ Kg6 54.
Ne7+ Kg7 55. Nd5 Rb1+ 56. Kh2 Rbb2 57. Kh3 Rxf2 58. Kg4 Rxg2+ 59. Kh5 h3 60. Ne7
h2 61. Nf5+ Kf6 62. Nh4 h1=Q 63. Rb6+ Ke7 64. Rb7+ Kd6 65. Rb6+ Kc5 66. Rc6+
Kxb5 67. Kh6 Qxh4+ 0-1

[Event "Women's Speed Chess Q6"]
[Site "chess.com INT"]
[Date "2021.06.05"]
[Round "12"]
[White "Kairbekova, Amina"]
[Black "Koridze, Lile"]
[Result "0-1"]
[WhiteTitle "WFM"]
[BlackTitle "WFM"]
[WhiteElo "2132"]
[BlackElo "2016"]
[WhiteFideId "13712799"]
[BlackFideId "13612514"]
[EventDate "2021.06.05"]

1. e4 c5 2. Nf3 d6 3. d4 cxd4 4. Nxd4 Nf6 5. Nc3 Nc6 6. Bg5 e6 7. Qd2 a6 8.
O-O-O Bd7 9. f4 b5 10. Bxf6 gxf6 11. Be2 h5 12. Nxc6 Bxc6 13. Qd4 Rc8 14. Bf3
Bh6 15. g3 Bg7 16. Kb1 Bf8 17. Rhe1 Qe7 18. Nd5 Bxd5 19. exd5 e5 20. Qb6 Qc7 21.
Qxa6 Qxc2+ 22. Ka1 Qc5 23. Be4 Bg7 24. Bf5 Rc7 25. Kb1 O-O 26. Rc1 Qa7 27. Qxd6
Rc4 28. Qd7 Qc5 29. b3 Rc3 30. Kb2 Rxc1 31. Rxc1 Qd4+ 32. Kb1 e4 33. Qxb5 e3 34.
Qd3 Qb6 35. d6 Rd8 36. d7 Bf8 37. Rc8 Bb4 38. Rxd8+ Qxd8 39. Qxe3 Be7 40. b4 Kf8
41. a3 Qb8 42. Qd4 Qd8 43. Kc2 Qc7+ 44. Kb3 Bd8 45. Qd5 Qc1 46. Bd3 Qd2 47. Ka4
Qd1+ 48. Kb5 Qg1 49. Bc4 Qb6+ 50. Ka4 Qa7+ 51. Kb3 Qe3+ 52. Qd3 Qe7 53. Qd5 Qe3+
54. Qd3 Qe7 55. b5 Qc5 56. a4 Qe7 57. Qd5 Ba5 58. Qd3 Qb4+ 59. Kc2 Qe7 60. Bb3
Bd8 61. Bc4 Qc5 62. Qe4 Be7 63. Kd3 Kg7 64. Qd5 Qa3+ 65. Ke4 Qc1 66. Qxf7+ Kh6
67. Kf5 Qc2+ 68. Ke6 Qe4# 0-1

[Event "Women's Speed Chess Q6"]
[Site "chess.com INT"]
[Date "2021.06.05"]
[Round "12"]
[White "Mendoza, Shania Mae"]
[Black "Novikova, Anna"]
[Result "1-0"]
[WhiteTitle "WFM"]
[BlackTitle "WIM"]
[WhiteElo "2158"]
[BlackElo "2247"]
[WhiteFideId "5211158"]
[BlackFideId "4146794"]
[EventDate "2021.06.05"]

1. e4 c5 2. Nf3 e6 3. g3 d5 4. e5 Nc6 5. Bg2 Nge7 6. O-O Ng6 7. Re1 Qc7 8. Qe2
Be7 9. c3 d4 10. h4 h5 11. d3 Bd7 12. a4 O-O-O 13. Na3 a6 14. Nc4 Kb8 15. a5 f6
16. Bd2 Ngxe5 17. Nfxe5 fxe5 18. Nxe5 Nxe5 19. Qxe5 Bd6 20. Qe2 e5 21. b4 dxc3
22. Bxc3 cxb4 23. Bxe5 Rde8 24. d4 Bb5 25. Qe3 Rhf8 26. Rac1 Qd7 27. Qg5 b3 28.
f4 Ka7 29. Kh2 Bb4 30. Red1 Rc8 31. d5 Rxc1 32. Rxc1 Rc8 33. Rxc8 Qxc8 34. Qxg7
Bd7 35. Bd4+ Ka8 36. Qf6 Ba3 37. Qb6 Qb8 38. Qxb3 Bd6 39. Qb6 Bc7 40. Qb4 Bd6
41. Qb6 Bg4 42. Bc5 Bc7 43. Qxa6+ bxa6 44. d6+ Qb7 45. dxc7 Qxg2+ 46. Kxg2 Kb7
47. Bb6 Kc6 48. Kf2 Kd5 49. Ke3 Bf5 50. Bd4 Kc6 51. Be5 Kd5 52. Kd2 Kc4 53. Ke3
Kd5 54. Bf6 Kc6 55. Kd4 Kxc7 56. Ke5 Bg4 57. f5 Kc6 58. Bg5 Kd7 59. Kf6 Ke8 60.
Kg6 Kf8 61. Bh6+ Kg8 62. f6 Be6 63. Kxh5 Kf7 64. Kg5 Bc4 65. g4 Bd3 66. h5 Bh7
67. Bg7 Bd3 68. Kf4 Bh7 69. g5 Bg8 70. Ke5 Ke8 71. g6 Bc4 72. h6 Bg8 73. f7+ 1-0

[Event "Women's Speed Chess Q6"]
[Site "chess.com INT"]
[Date "2021.06.05"]
[Round "12"]
[White "Belenkaya, Dina"]
[Black "Dordzhieva, Dinara"]
[Result "1-0"]
[WhiteTitle "WGM"]
[BlackTitle "WGM"]
[WhiteElo "2341"]
[BlackElo "2311"]
[WhiteFideId "24142654"]
[BlackFideId "24157570"]
[EventDate "2021.06.05"]

1. e4 c5 2. Nc3 Nc6 3. g3 g6 4. Bg2 Bg7 5. d3 d6 6. Be3 e6 7. Qd2 Nd4 8. Nd1 Ne7
9. c3 Ndc6 10. Bh6 Bf6 11. Nf3 e5 12. Ne3 Be6 13. h4 Qd7 14. Ng5 Bxg5 15. hxg5
Rg8 16. Nd5 Bxd5 17. exd5 Nd8 18. Bh3 Qc7 19. f4 Nxd5 20. O-O-O Ne6 21. fxe5
dxe5 22. Rhe1 O-O-O 23. Qe2 Kb8 24. Qxe5 Qxe5 25. Rxe5 Ndc7 26. Rf1 Rd7 27. Kc2
Rgd8 28. Rf3 a6 29. a4 Ka7 30. a5 b6 31. axb6+ Kxb6 32. Rf6 Kb7 33. Rf3 Kb8 34.
Bg4 Kb7 35. Bh3 Kb6 36. Bg2 c4 37. d4 Nb5 38. Rf6 Kc7 39. Bh3 Nexd4+ 40. cxd4
Rxd4 41. Rxf7+ Kb8 42. Rxb5+ axb5 43. Bg7 Rd2+ 44. Kc3 R2d3+ 45. Kb4 R8d5 46.
Rf8+ Kc7 47. Rf7+ Kb8 48. Be6 Rb3+ 49. Ka5 b4+ 50. Bxd5 Rxg3 51. Be5+ Kc8 52.
Bxg3 c3 53. Be6+ Kd8 54. Rd7+ Ke8 55. bxc3 bxc3 56. Rc7 h6 57. Rxc3 hxg5 58. Bg4
Kf8 59. Bd6+ Kg7 60. Rc7+ Kf6 61. Be7+ Ke5 62. Bxg5 Kd6 63. Rf7 Ke5 64. Bf4+ Kd5
65. Bg3 Ke4 66. Bf3+ Ke3 67. Bc6 Kd4 68. Rf4+ Ke5 69. Be4 g5 70. Rg4+ Kf6 71.
Kb5 Ke6 72. Kc4 Kf6 73. Kd4 Ke6 74. Bd5+ Kf5 75. Bf3 Ke6 76. Be5 Kf5 77. Kd5 Kg6
78. Be4+ Kh5 79. Rg1 g4 80. Rh1+ Kg5 81. Rf1 Kh4 82. Bf6+ Kg3 83. Rg1+ Kh3 84.
Rh1+ Kg3 85. Be5+ Kf2 86. Rh2+ Kg1 87. Rc2 Kf1 88. Bd3+ Ke1 89. Bg3+ Kd1 90. Rg2
Kc1 91. Bf4+ Kd1 92. Rg1# 1-0

[Event "Women's Speed Chess Q6"]
[Site "chess.com INT"]
[Date "2021.06.05"]
[Round "12"]
[White "Von Herman, Brigitte"]
[Black "Grineva, Marianna"]
[Result "0-1"]
[WhiteTitle "WFM"]
[BlackTitle "WFM"]
[WhiteElo "1991"]
[BlackElo "2029"]
[WhiteFideId "4628730"]
[BlackFideId "14102013"]
[EventDate "2021.06.05"]

1. e4 d5 2. exd5 Nf6 3. Nc3 Nxd5 4. d4 Nc6 5. h3 Bf5 6. a3 e6 7. Nf3 Be7 8. Bb5
Nxc3 9. bxc3 O-O 10. O-O Na5 11. Re1 a6 12. Bd3 Bg6 13. Ne5 c5 14. Nxg6 hxg6 15.
Be3 c4 16. Be4 Rc8 17. Qb1 b5 18. a4 Rb8 19. axb5 axb5 20. Qa2 Nb7 21. Qa6 Nd6
22. Bf3 b4 23. cxb4 Rxb4 24. Bf4 c3 25. Reb1 Rxd4 26. Be3 Rd2 27. Bxd2 cxd2 28.
Rd1 Nf5 29. Qd3 Bg5 30. Ra4 Qb6 31. Be4 Rd8 32. Qb3 Qd6 33. Bd3 Nd4 34. Qa3 Qd5
35. Qc3 Kh7 36. Rxd2 Bxd2 37. Qxd2 Qh5 38. Qe3 Nf5 39. Bxf5 gxf5 40. Rd4 Rc8 41.
c3 Qg6 42. Kh2 Qf6 43. Qd3 e5 44. Rd6 Qg5 45. c4 e4 46. Qd2 Qxd2 47. Rxd2 Rxc4
48. Rd5 g6 49. Rd7 Kg7 50. h4 Rc2 51. Kg3 Rc3+ 52. Kf4 Kf6 53. f3 exf3 54. gxf3
Rc4+ 55. Kg3 Kg7 56. Rb7 Rc1 57. Kf4 Rg1 58. Ra7 Rh1 59. Kg3 Re1 60. Kg2 Re6 61.
Kg3 Rf6 62. Kf4 Re6 63. Rb7 Ra6 64. Rc7 Ra4+ 65. Kg3 Kf6 66. Rc6+ Ke5 67. Rc5+
Kd6 68. Rb5 Ke6 69. Rb6+ Ke7 70. Rb7+ Kf8 71. Rb8+ Kg7 72. Rb7 Rd4 73. Rb6 Rd7
74. Ra6 Kh6 75. Rb6 Kh5 76. Ra6 f4+ 77. Kg2 Kxh4 78. Ra5 g5 79. Ra6 Rd2+ 80. Kf1
Kh5 81. Rf6 Kh4 82. Rxf7 Kg3 83. Rh7 Kxf3 84. Ke1 Re2+ 0-1

[Event "Women's Speed Chess Q6"]
[Site "chess.com INT"]
[Date "2021.06.05"]
[Round "13"]
[White "Mkrtchian, Lilit"]
[Black "Arpita, Mukherjee"]
[Result "1-0"]
[WhiteTitle "IM"]
[BlackTitle "WIM"]
[WhiteElo "2388"]
[BlackElo "2206"]
[WhiteFideId "13300601"]
[BlackFideId "5056403"]
[EventDate "2021.06.05"]

1. e4 c5 2. Nc3 a6 3. g3 b5 4. Bg2 Bb7 5. Nge2 e6 6. d4 cxd4 7. Nxd4 Nf6 8. a3
Bc5 9. O-O O-O 10. e5 Bxg2 11. Kxg2 Ne8 12. Ne4 Bb6 13. Bf4 d5 14. exd6 Nd7 15.
Nc6 Qf6 16. Nxf6+ Nexf6 17. a4 bxa4 18. Rxa4 Kh8 19. c4 Nc5 20. Ra3 Nce4 21. f3
Nc5 22. b4 Ncd7 23. c5 Ba7 1-0

[Event "Women's Speed Chess Q6"]
[Site "chess.com INT"]
[Date "2021.06.05"]
[Round "13"]
[White "Steil-Antoni, Fiona"]
[Black "Kabanova, Ekaterina"]
[Result "1-0"]
[WhiteTitle "WIM"]
[BlackTitle "WFM"]
[WhiteElo "2129"]
[BlackElo "2138"]
[WhiteFideId "4001249"]
[BlackFideId "24112917"]
[EventDate "2021.06.05"]

1. e4 c5 2. Nc3 e6 3. f4 Qc7 4. g3 a6 5. Bg2 b5 6. d3 Bb7 7. Nf3 Nf6 8. O-O b4
9. Ne2 d5 10. e5 Nfd7 11. Qe1 d4 12. Ng5 Bxg2 13. Kxg2 Qb7+ 14. Kg1 Nb6 15. Ne4
Nd5 16. f5 exf5 17. Rxf5 Be7 18. Qf2 O-O 19. Bd2 Nc6 20. Rf1 Bd8 21. Nd6 Qe7 22.
Nxf7 Ne3 23. Nh6+ 1-0

[Event "Women's Speed Chess Q6"]
[Site "chess.com INT"]
[Date "2021.06.05"]
[Round "13"]
[White "Varney, Zoe"]
[Black "Von Herman, Brigitte"]
[Result "1-0"]
[WhiteTitle "WCM"]
[BlackTitle "WFM"]
[WhiteElo "1917"]
[BlackElo "1991"]
[WhiteFideId "436135"]
[BlackFideId "4628730"]
[EventDate "2021.06.05"]

1. e4 e5 2. Nf3 Nc6 3. Bc4 Nf6 4. Ng5 d5 5. exd5 Na5 6. Bb5+ c6 7. dxc6 bxc6 8.
Bd3 Nd5 9. h4 h6 10. Qh5 Qf6 11. Nxf7 Qxf7 12. Bg6 Be6 13. Bxf7+ Bxf7 14. Qxe5+
Be7 15. O-O Nf6 16. Re1 O-O 17. Qxa5 Bd6 18. Nc3 Rae8 19. Rxe8 Rxe8 20. g3 Re1+
21. Kg2 h5 22. Qd8+ Bf8 23. b3 Ng4 24. Ba3 Re8 25. Qa5 Bxa3 26. Qxa3 Bg6 27.
Qxa7 Bxc2 28. Qc5 Bg6 29. Qxc6 Rf8 30. f3 Ne5 31. Qd5+ Nf7 32. Ne4 Kh8 33. Ng5
Ne5 34. Qxe5 1-0

[Event "Women's Speed Chess Q6"]
[Site "chess.com INT"]
[Date "2021.06.05"]
[Round "13"]
[White "Dong, Khanh Linh"]
[Black "Linares Napoles, Oleiny"]
[Result "0-1"]
[WhiteTitle "WCM"]
[BlackTitle "WGM"]
[WhiteElo "1970"]
[BlackElo "2255"]
[WhiteFideId "12403040"]
[BlackFideId "3504794"]
[EventDate "2021.06.05"]

1. e4 d6 2. d4 g6 3. Be2 Nf6 4. Nc3 Bg7 5. h4 c5 6. dxc5 Qa5 7. cxd6 Nxe4 8.
Bb5+ Bd7 9. Bxd7+ Nxd7 10. Ne2 Nxd6 11. O-O O-O 12. Nd5 Rfe8 13. c3 Nf6 14.
Nxf6+ Bxf6 15. g3 Rad8 16. Qc2 Nf5 17. Bf4 e5 18. Bd2 Qd5 19. Rad1 Qf3 20. Kh2
Qxe2 0-1

[Event "Women's Speed Chess Q6"]
[Site "chess.com INT"]
[Date "2021.06.05"]
[Round "13"]
[White "Smietanska, Wiktoria"]
[Black "Kairbekova, Amina"]
[Result "0-1"]
[WhiteTitle "CM"]
[BlackTitle "WFM"]
[WhiteElo "1802"]
[BlackElo "2132"]
[WhiteFideId "21869359"]
[BlackFideId "13712799"]
[EventDate "2021.06.05"]

1. c4 c5 2. Nf3 Nc6 3. Nc3 g6 4. e3 Bg7 5. d4 cxd4 6. exd4 Nf6 7. d5 Nb8 8. Bd3
d6 9. O-O O-O 10. Bf4 Nbd7 11. Qd2 Nc5 12. Bc2 Bg4 13. Nd4 a5 14. h3 Bd7 15. Bh6
a4 16. Bxg7 Kxg7 17. f4 Qb6 18. Rab1 e5 19. dxe6 fxe6 20. Kh1 e5 21. fxe5 dxe5
22. Nf3 e4 23. Nxe4 Ncxe4 24. Bxe4 Nxe4 25. Qxd7+ Rf7 26. Qg4 Nf2+ 27. Rxf2 Qxf2
28. Ng5 Re7 29. Ne6+ Kg8 30. Rd1 Rae8 31. Rd6 Qe1+ 32. Kh2 Qe5+ 33. Qg3 Qxg3+
34. Kxg3 Rxe6 0-1

[Event "Women's Speed Chess Q6"]
[Site "chess.com INT"]
[Date "2021.06.05"]
[Round "13"]
[White "Tarini, Goyal"]
[Black "Vine, Elzbieta"]
[Result "1-0"]
[WhiteTitle "WFM"]
[BlackTitle "WFM"]
[WhiteElo "2164"]
[BlackElo "2138"]
[WhiteFideId "5082749"]
[BlackFideId "1119320"]
[EventDate "2021.06.05"]

1. d4 d5 2. c4 c6 3. Nc3 Nf6 4. e3 g6 5. cxd5 cxd5 6. Nf3 Bg4 7. Qb3 Qc7 8. Nxd5
Nxd5 9. Qxd5 Nd7 10. Qc4 Qb6 11. Qb5 Qc7 12. Ne5 Be6 13. Nxd7 Bxd7 14. Qb3 O-O-O
15. Bd2 Bc6 16. Bb5 e5 17. Bxc6 Qxc6 18. Rc1 exd4 19. Rxc6+ bxc6 20. Ba5 Rd5 21.
Qa4 Rc5 22. O-O 1-0

[Event "Women's Speed Chess Q6"]
[Site "chess.com INT"]
[Date "2021.06.05"]
[Round "13"]
[White "Selkirk, Rebecca"]
[Black "Nanditha, V"]
[Result "0-1"]
[WhiteTitle "WCM"]
[BlackTitle "WCM"]
[WhiteElo "1799"]
[BlackElo "1666"]
[WhiteFideId "14306514"]
[BlackFideId "46626697"]
[EventDate "2021.06.05"]

1. e4 c6 2. d4 d5 3. exd5 cxd5 4. c4 Nf6 5. Nc3 Nc6 6. Bg5 dxc4 7. d5 Ne5 8.
Bxc4 Nxc4 9. Qa4+ Bd7 10. Qxc4 Rc8 11. Qd3 Qb6 12. Rb1 g6 13. Nf3 Bf5 14. Qd2
Bxb1 15. Nxb1 Bg7 16. O-O O-O 17. h3 Ne4 18. Qe2 Nxg5 19. Nxg5 Qxb2 20. Qxe7 Bf6
21. Qe3 Rfe8 22. Qg3 Rc1 23. Qh4 Rxf1+ 24. Kxf1 Qc1# 0-1

[Event "Women's Speed Chess Q6"]
[Site "chess.com INT"]
[Date "2021.06.05"]
[Round "13"]
[White "Novikova, Anna"]
[Black "Babiy, Olga"]
[Result "0-1"]
[WhiteTitle "WIM"]
[BlackTitle "WGM"]
[WhiteElo "2247"]
[BlackElo "2280"]
[WhiteFideId "4146794"]
[BlackFideId "14117258"]
[EventDate "2021.06.05"]

1. e4 c6 2. d4 d5 3. e5 Bf5 4. h4 h5 5. Nc3 e6 6. Nce2 c5 7. c3 Nc6 8. Nf3 Qb6
9. Ng3 Bg6 10. a3 cxd4 11. cxd4 Nge7 12. Bd3 Bxd3 13. Qxd3 Ng6 14. O-O Be7 15.
Bg5 Bxg5 16. hxg5 h4 17. Ne2 h3 18. g3 O-O-O 19. Kh2 Kb8 20. b4 Rc8 21. Rfc1
Ncxe5 22. Nxe5 Nxe5 23. Qd1 Ng4+ 24. Kg1 h2+ 25. Kg2 h1=Q+ 26. Qxh1 Rxh1 27.
Rxc8+ Kxc8 28. Rxh1 Qa6 29. Rh8+ Kd7 30. Kf3 Qd3+ 31. Kxg4 Qxe2+ 0-1

[Event "Women's Speed Chess Q6"]
[Site "chess.com INT"]
[Date "2021.06.05"]
[Round "13"]
[White "Dordzhieva, Dinara"]
[Black "Mendoza, Shania Mae"]
[Result "1-0"]
[WhiteTitle "WGM"]
[BlackTitle "WFM"]
[WhiteElo "2311"]
[BlackElo "2158"]
[WhiteFideId "24157570"]
[BlackFideId "5211158"]
[EventDate "2021.06.05"]

1. d4 d5 2. c4 c6 3. Nf3 Nf6 4. g3 e6 5. Bg2 dxc4 6. a4 Nbd7 7. O-O Rb8 8. Bf4
Ra8 9. Qc2 Be7 10. Qxc4 O-O 11. Nc3 Nd5 12. Bd2 Bf6 13. e4 N5b6 14. Qb3 g6 15.
Be3 Bg7 16. a5 Re8 17. axb6 Nxb6 18. Rfd1 Bd7 19. Bg5 Qc7 20. Ne5 Bc8 21. Bf4
Qe7 22. Nc4 Nxc4 23. Qxc4 Bd7 24. d5 cxd5 25. exd5 Rac8 26. Qb3 e5 27. Be3 b6
28. Rxa7 Qd6 29. Qxb6 Qxb6 30. Bxb6 Bg4 31. f3 Bf5 32. g4 Bc2 33. Rd2 Bb3 34. d6
Rb8 35. Be3 h6 36. d7 Red8 37. Ne4 f5 38. gxf5 gxf5 39. Nc5 Bf7 40. Nb7 f4 41.
Bb6 Bf6 42. Bxd8 Bxd8 43. Nxd8 Rxd8 44. Rc7 Kf8 45. Rc8 Ke7 46. Rxd8 Kxd8 47.
Bh3 Bc4 48. Rc2 Ba6 49. Rc8+ Bxc8 50. dxc8=Q+ Ke7 51. Qe6+ Kf8 52. Bg4 Kg7 53.
Bh5 Kh8 54. Qf6+ Kh7 55. Bg6+ Kg8 56. Qf7+ Kh8 57. Qh7# 1-0

[Event "Women's Speed Chess Q6"]
[Site "chess.com INT"]
[Date "2021.06.05"]
[Round "13"]
[White "Kulkarni, Bhakti"]
[Black "Cori T., Deysi"]
[Result "1-0"]
[WhiteTitle "IM"]
[BlackTitle "WGM"]
[WhiteElo "2391"]
[BlackElo "2388"]
[WhiteFideId "5019516"]
[BlackFideId "3801934"]
[EventDate "2021.06.05"]

1. d4 Nf6 2. c4 g6 3. Nc3 Bg7 4. e4 d6 5. Bd3 O-O 6. Nge2 a6 7. O-O c5 8. d5 e6
9. a4 exd5 10. exd5 Nbd7 11. f4 Re8 12. Ng3 h5 13. Qf3 Nf8 14. h3 h4 15. Nge4
Nxe4 16. Bxe4 Nh7 17. f5 Ng5 18. Bxg5 Qxg5 19. fxg6 f5 20. Bc2 Bd7 21. Qf4 Qxg6
22. Bxf5 Bxf5 23. Qxf5 1-0